000 01360cam a2200349 i 4500
001 34607
003 Mx-PuUPA
005 20260413085057.0
008 140415s2026 sp gr 000 0 spa d
017 _aS. 39-2026
020 _a9788430122882
040 _cMx-PuUPA
_aMx-PuUPA
_bspa
_dMx-PuUPA
_erda
041 _aspa
100 1 _aMarcel, Gabriel,
_d1889-1973
_eautor
_918005
240 1 0 _aTu ne mourras pas, textes choisis et présentés par Anne Marcel.
_lEspañol
245 1 0 _aTú no morirás /
_cGabriel Marcel ; edición de Anne Marcel ; traducción de Mercedes Huarte Luxán
264 1 _aSalamanca, España :
_bEdiciones Sígueme,
_c©2026
300 _a157 páginas ;
_c19 cm
336 _2rdacontent
_atexto
_btxt
337 _2rdamedia
_asin medio
_bn
338 _2rdacarrier
_avolumen
_bnc
490 0 _aEl peso de los días ;
_v128
600 1 4 _aMarcel, Gabriel, 1889-1973
_xcitas
650 7 _2armarc
_aFilosofía francesa
_ySiglo XX
650 7 _2armarc
_aFilosofía y religión
700 1 _aMarcel, Anne,
_eeditor
700 1 _aHuarte Luxán, Mercedes,
_etraductor
765 0 _aMarcel, Gabriel
_tTu ne mourras pas, textes choisis et présentés par Anne Marcel
_d[lugar de publicación no identificado] : Éditions Arfuyen, 2005
942 _2ddc
_cLI
_h194
_iM2818
999 _c34607
_d34607